The fundamentals of interactive design / (Record no. 29596)
[ view plain ]
| 000 -LEADER | |
|---|---|
| fixed length control field | 03380cam a22004217i 4500 |
| 001 - CONTROL NUMBER | |
| control field | 17768792 |
| 003 - CONTROL NUMBER IDENTIFIER | |
| control field | EG-ScBUE |
| 005 - DATE AND TIME OF LATEST TRANSACTION | |
| control field | 20211017125248.0 |
| 008 - FIXED-LENGTH DATA ELEMENTS--GENERAL INFORMATION | |
| fixed length control field | 130607s2013 enka f b 001 0 eng d |
| 020 ## - INTERNATIONAL STANDARD BOOK NUMBER | |
| International Standard Book Number | 9782940411863 |
| 035 ## - SYSTEM CONTROL NUMBER | |
| System control number | (OCoLC)ocn815366898 |
| 040 ## - CATALOGING SOURCE | |
| Original cataloging agency | UKMGB |
| Language of cataloging | eng |
| Description conventions | rda |
| Transcribing agency | UKMGB |
| Modifying agency | OCLCO |
| -- | LND |
| -- | YDXCP |
| -- | HALCL |
| -- | TTU |
| -- | UAB |
| -- | NLE |
| -- | CDX |
| -- | BTCTA |
| -- | BDX |
| -- | BWX |
| -- | CIA |
| -- | K6U |
| -- | OSU |
| -- | OCLCF |
| -- | VMC |
| -- | CUD |
| -- | UBY |
| -- | OCLCA |
| -- | OCLCQ |
| -- | NYWWB |
| -- | OCLCQ |
| -- | OCL |
| -- | DLC |
| -- | EG-ScBUE |
| 082 04 - DEWEY DECIMAL CLASSIFICATION NUMBER | |
| Classification number | 745.4 |
| Item number | SAL |
| Edition number | 22 |
| 100 1# - MAIN ENTRY--PERSONAL NAME | |
| Personal name | Salmond, Michael, |
| Relator term | author. |
| 245 14 - TITLE STATEMENT | |
| Title | The fundamentals of interactive design / |
| Statement of responsibility, etc | Michael Salmond, Gavin Ambrose. |
| 264 #1 - PUBLICATION, DISTRIBUTION, ETC. (IMPRINT) | |
| Place of publication, distribution, etc | London : |
| Name of publisher, distributor, etc | AVA Academia, |
| Date of publication, distribution, etc | 2013. |
| 300 ## - PHYSICAL DESCRIPTION | |
| Extent | 192 pages : |
| Other physical details | illustrations ; |
| Dimensions | 23 cm. |
| 336 ## - CONTENT TYPE | |
| Content type term | text |
| Content type code | txt |
| Source | rdacontent |
| 337 ## - MEDIA TYPE | |
| Media type term | unmediated |
| Media type code | n |
| Source | rdamedia |
| 338 ## - CARRIER TYPE | |
| Carrier type term | volume |
| Carrier type code | nc |
| Source | rdacarrier |
| 490 0# - SERIES STATEMENT | |
| Series statement | AVA Academia's fundamentals |
| 504 ## - BIBLIOGRAPHY, ETC. NOTE | |
| Bibliography, etc | Includes bibliographical references and index. |
| 505 0# - FORMATTED CONTENTS NOTE | |
| Formatted contents note | Ch 1. Interactive design as a discipline. What is interactive design? ; What does an interactive designer do? ; Interview : Darrell Wilkins, creative director ; The design document ; Using new technology ; Case study : Kaiser Chiefs' website ; Project : Create concepts and storyboards -- ch. 2. Ideas, prototypes and experiences. Where do ideas come from? ; Influences and the creative process ; The medium informs the design ; Emotional attachment to the product ; Designing experiences ; Interview : Lydia Swangren, UX designer ; Case study : Multi-platform delivery ; Project : Engage through interactivity -- ch. 3. The industry process. The pitch ; Interview : David Burrows, design consultant ; Art direction and aesthetic ; Case study : WrestleMania viral campaign ; Project : Create a campaign pitch -- ch. 4. Audience, usability and testing. Design for the audience ; Usability in design : rules and principles ; Usability and content ; Usability and visual communication ; Usability testing ; Interview : Trevor May, mobile designer ; Case study : Glastonbury app ; Project : Create an interactive promotion -- ch. 5. Motion graphics and shareable media. Motion and interactivity ; Augmented reality ; Video and motion graphics ; Interview : Krystal Schultheiss, motion graphics developer ; The video production process ; Viral videos ; Social media ; Interview : Steve Smith, senior developer ; Case study : pq-eyewear website ; Project : Create a campaign for a TV series -- ch. 6. Games. Computer games ; Games as an interactive medium ; Interview : Pete Everett, advergame designer ; Case study : Coca-Cola Open the Games ; Project : Create an advergame. |
| 650 #7 - SUBJECT ADDED ENTRY--TOPICAL TERM | |
| Topical term or geographic name as entry element | Interactive art. |
| Source of heading or term | BUEsh |
| 650 #7 - SUBJECT ADDED ENTRY--TOPICAL TERM | |
| Topical term or geographic name as entry element | Graphic arts. |
| Source of heading or term | BUEsh |
| 650 #7 - SUBJECT ADDED ENTRY--TOPICAL TERM | |
| Topical term or geographic name as entry element | Interactive multimedia. |
| Source of heading or term | BUEsh |
| 650 #7 - SUBJECT ADDED ENTRY--TOPICAL TERM | |
| Topical term or geographic name as entry element | Computer art. |
| Source of heading or term | BUEsh |
| 653 ## - INDEX TERM--UNCONTROLLED | |
| Resource For college | Arts and Design |
| Arrived date list | October2021 |
| 655 ## - INDEX TERM--GENRE/FORM | |
| Form subdivision | Reading book |
| 9 (RLIN) | 34232 |
| 700 1# - ADDED ENTRY--PERSONAL NAME | |
| Personal name | Ambrose, Gavin, |
| Relator term | author. |
| 856 42 - ELECTRONIC LOCATION AND ACCESS | |
| Materials specified | Contributor biographical information |
| Uniform Resource Identifier | <a href="http://www.loc.gov/catdir/enhancements/fy1510/2012554431-b.html">http://www.loc.gov/catdir/enhancements/fy1510/2012554431-b.html</a> |
| 856 42 - ELECTRONIC LOCATION AND ACCESS | |
| Materials specified | Publisher description |
| Uniform Resource Identifier | <a href="https://www.loc.gov/catdir/enhancements/fy1616/2012554431-d.html">https://www.loc.gov/catdir/enhancements/fy1616/2012554431-d.html</a> |
| 856 41 - ELECTRONIC LOCATION AND ACCESS | |
| Materials specified | Table of contents only |
| Uniform Resource Identifier | <a href="https://www.loc.gov/catdir/enhancements/fy1616/2012554431-t.html">https://www.loc.gov/catdir/enhancements/fy1616/2012554431-t.html</a> |
| 906 ## - LOCAL DATA ELEMENT F, LDF (RLIN) | |
| a | 7 |
| b | cbc |
| c | copycat |
| d | 2 |
| e | ncip |
| f | 20 |
| g | y-gencatlg |
| 942 ## - ADDED ENTRY ELEMENTS (KOHA) | |
| Source of classification or shelving scheme | Dewey Decimal Classification |
| Koha item type | Book - Borrowing |
| Withdrawn status | Lost status | Source of classification or shelving scheme | Damaged status | Not for loan | Collection code | Home library | Current library | Shelving location | Date acquired | Source of acquisition | Total Checkouts | Full call number | Barcode | Date last seen | Date checked out | Price effective from | Koha item type |
|---|---|---|---|---|---|---|---|---|---|---|---|---|---|---|---|---|---|
| Dewey Decimal Classification | Donation-Gift | Central Library | Central Library | Second Floor | 17/10/2021 | Donation | 1 | 745.4 SAL | 000050851 | 15/07/2025 | 03/10/2022 | 17/10/2021 | Book - Borrowing |